| 000 | 00500nam a22001937a 4500 | ||
|---|---|---|---|
| 005 | 20230926104327.0 | ||
| 008 | 230926b |||||||| |||| 00| 0 eng d | ||
| 020 | _a9788120332294 | ||
| 082 |
_a006.32 _bPRI-A |
||
| 100 | _aPriddy ,Kevin L. | ||
| 245 | _aArtificial neural networks : an introduction | ||
| 250 | _aEastern economy edition | ||
| 260 |
_aIndia _bPrentice -Hall _c2005 |
||
| 300 | _a165 | ||
| 500 | _aInclude Index | ||
| 650 | _aComputer | ||
| 700 | _aKevin L.Priddy | ||
| 999 |
_c33699 _d33699 |
||